000 00617nam a2200253Ia 4500
003 OSt
005 20221007110107.0
006 a|||||r|||| 00| 0
007 ta
008 221006b |||||||| |||| 00| 0 eng d
024 _a20,358
037 _cTextual
040 _aLCO
_cLCO
_beng
041 _2eng
_aeng
082 _aZ2,12, N4
100 _aDiwan Paras
245 0 _aFamily Law
250 _a2nd
260 _aAllahabad
_bAllahabad Law Agency India
_c1994
300 _a537
650 _aFAMILY LAW
_9681480
942 _hZ2,12, N4
_cTEXL
999 _c1189921
_d1189921